[Event "XLI C.to Italiano a squadre Master"]
[Site "Senigallia ITA"]
[Date "2009.04.30"]
[Round "2"]
[White "Garcia Palermo, Carlos Horacio"]
[Black "Costantini, Roberto"]
[Result "1/2-1/2"]
[WhiteElo "2484"]
[BlackElo "2304"]
[PlyCount "125"]
[EventDate "2009.04.30"]

1. d4 Nf6 2. Nf3 c5 3. d5 b5 4. c4 g6 5. Nbd2 bxc4 6. e4 c3 7. bxc3 d6 8. Bd3
Bg7 9. Rb1 O-O 10. c4 Qa5 11. O-O Bg4 12. h3 Bxf3 13. Nxf3 Nbd7 14. Qc2 Rfb8
15. Bd2 Qa3 16. Rxb8+ Rxb8 17. Rb1 Ne8 18. Ne1 Rb2 19. Rxb2 Qxb2 20. Qxb2 Bxb2
21. a4 Nc7 22. a5 Na6 23. Nc2 Kg7 24. f4 Kf8 25. Kf2 Kg8 26. g4 Kf8 27. g5 Kg8
28. Be2 Kf8 29. Bg4 Ke8 30. Ke2 Kd8 31. h4 Ke8 32. Kd3 Kd8 33. Bc3 Bc1 34. Bd2
Bb2 35. h5 Ke8 36. Bf3 Kd8 37. Bc3 Bc1 38. Bd2 Bb2 39. Be2 Ke8 40. Bd1 Kd8 41.
h6 Kc8 42. Bg4 Kd8 43. Ne1 Kc7 44. Kc2 Bd4 45. Kb3 Ndb8 46. Nc2 Bf2 47. e5 dxe5
48. fxe5 Bg3 49. e6 fxe6 50. Bxe6 Nd7 51. Bg8 Nf8 52. Na3 Be5 53. Nb5+ Kb7 54.
Bc3 Bxc3 55. Kxc3 Nb8 56. d6 e6 57. Nc7 Kc6 58. Ne8 Nbd7 59. a6 Kb6 60. Nc7 Kc6
61. Ne8 Kb6 62. Nc7 Kc6 63. Ne8 1/2-1/2

[Event "XLI C.to Italiano a squadre Master"]
[Site "Senigallia ITA"]
[Date "2009.04.30"]
[Round "2"]
[White "Genocchio, Daniele"]
[Black "Rombaldoni, Denis"]
[Result "1/2-1/2"]
[WhiteElo "2445"]
[BlackElo "2442"]
[PlyCount "159"]
[EventDate "2009.04.30"]

1. e4 c5 2. Nf3 Nc6 3. Bb5 g6 4. O-O Bg7 5. Re1 e5 6. d3 Nge7 7. Be3 d6 8. c3
O-O 9. a3 Qb6 10. a4 a6 11. Bxc6 Qxc6 12. b4 Bg4 13. h3 Bxf3 14. Qxf3 c4 15.
dxc4 Qxc4 16. Bg5 f6 17. Nd2 Qc7 18. Be3 f5 19. a5 fxe4 20. Qxe4 d5 21. Qg4 Qc8
22. Bc5 Qxg4 23. hxg4 Rfe8 24. c4 Rad8 25. cxd5 Rxd5 26. Ne4 Nc6 27. Rad1 Red8
28. Rxd5 Rxd5 29. g5 Nd8 30. Rc1 Kf7 31. Nd6+ Ke6 32. Ne8 Kf7 33. Nd6+ Ke6 34.
Ne4 Kf5 35. f3 h5 36. gxh6 Bxh6 37. Rb1 Nc6 38. Kf2 Ke6 39. Ke1 Rd8 40. Bb6 Rd5
41. Bc5 Rd8 42. Ke2 Bf8 43. Ng5+ Kd5 44. Bxf8 Rxf8 45. Kd3 Rc8 46. Ne4 Nd4 47.
Nc3+ Ke6 48. Rb2 Rd8 49. Ke3 Nf5+ 50. Ke2 Nd6 51. Na4 e4 52. Nc5+ Kf5 53. g4+
Kf6 54. fxe4 Rh8 55. Rd2 Nc4 56. Rd5 Rh2+ 57. Kf3 Nd2+ 58. Kg3 Nf1+ 59. Kf3
Nd2+ 60. Ke3 Nf1+ 61. Kd4 Rd2+ 62. Kc3 Rxd5 63. exd5 Ne3 64. Kd4 Nc2+ 65. Kc3
Ne3 66. Kd4 Nc2+ 67. Ke4 Nxb4 68. Nxb7 Nc2 69. Nc5 Na3 70. Kd4 Nb5+ 71. Ke4
Nc3+ 72. Kd4 Nb5+ 73. Kc4 Nd6+ 74. Kc3 Ke5 75. Nxa6 Kxd5 76. Nb4+ Kc5 77. Nd3+
Kb5 78. Ne5 Ne4+ 79. Kd4 Nf6 80. g5 1/2-1/2

[Event "XLI C.to Italiano a squadre Master"]
[Site "Senigallia ITA"]
[Date "2009.04.30"]
[Round "2"]
[White "Huebner, Robert"]
[Black "Georgiev, Kiril D."]
[Result "1/2-1/2"]
[WhiteElo "2595"]
[BlackElo "2637"]
[PlyCount "101"]
[EventDate "2009.04.30"]

1. d4 Nf6 2. Nf3 e6 3. g3 b5 4. Qd3 a6 5. e4 Bb7 6. e5 Nd5 7. Bg2 Be7 8. O-O d6
9. Nc3 Nd7 10. Nxd5 Bxd5 11. b3 Nb6 12. Bd2 O-O 13. Ba5 Qb8 14. Rac1 Qb7 15.
Rfe1 Rfe8 16. Bxb6 Qxb6 17. c4 Bb7 18. Qc3 bxc4 19. bxc4 Qa7 20. Rb1 Rad8 21.
Red1 Be4 22. Rb2 h6 23. exd6 cxd6 24. Ne1 Qa8 25. Bxe4 Qxe4 26. Qf3 Qxf3 27.
Nxf3 Rc8 28. Rc1 Rc6 29. Kf1 Rec8 30. Rbc2 f5 31. Ke2 Bf6 32. Ke3 Kf7 33. Nd2
e5 34. Nb3 exd4+ 35. Nxd4 Rc5 36. Nb3 Re5+ 37. Kd3 f4 38. gxf4 Rh5 39. c5 dxc5
40. Nxc5 a5 41. Ne4 Rh3+ 42. Ke2 Re8 43. Rc4 Rxh2 44. Kf3 Rh3+ 45. Kg4 Rd3 46.
Rc7+ Re7 47. R1c6 Rd5 48. f5 h5+ 49. Kxh5 Rxf5+ 50. Kg4 Rd5 51. Nxf6 1/2-1/2

[Event "XLI C.to Italiano a squadre Master"]
[Site "Senigallia ITA"]
[Date "2009.04.30"]
[Round "2"]
[White "Iotti, Pierluigi"]
[Black "Sabia, Corrado"]
[Result "1-0"]
[WhiteElo "2300"]
[BlackElo "2215"]
[PlyCount "119"]
[EventDate "2009.04.30"]

1. d4 d5 2. c4 c6 3. Nc3 Nf6 4. Nf3 dxc4 5. a4 Bf5 6. e3 e6 7. Bxc4 Bb4 8. O-O
O-O 9. Qe2 Bg6 10. Rd1 Nbd7 11. Na2 Bd6 12. h3 Qe7 13. Nc3 e5 14. d5 e4 15. Nd2
Rad8 16. Nf1 Ne5 17. dxc6 bxc6 18. Rd4 Bb4 19. Na2 Bc5 20. Rxd8 Rxd8 21. b3 Nd3
22. Bb2 Bd6 23. Bc3 Be5 24. Qc2 Nd7 25. Rd1 h6 26. Nc1 N7c5 27. Ne2 Bh5 28. Rd2
Bxc3 29. Qxc3 Bxe2 30. Rxe2 Ne5 31. Rd2 Rxd2 32. Nxd2 Ned3 33. Qd4 Qh4 34. Bxd3
Nxd3 35. Nxe4 Nc1 36. Qc4 Nxb3 37. Qxc6 Qe7 38. Nd6 Na5 39. Qc8+ Kh7 40. Qf5+
Kg8 41. Qxa5 Qxd6 42. Qxa7 Qd1+ 43. Kh2 Qe2 44. Qa8+ Kh7 45. Qe4+ g6 46. Qf3
Qa2 47. g3 Kg7 48. Qf4 h5 49. Qd4+ Kg8 50. Kg2 Kf8 51. h4 Ke7 52. e4 Qa3 53.
Qa7+ Kf8 54. a5 Qd3 55. Qb7 g5 56. hxg5 h4 57. Qb8+ Kg7 58. Qe5+ Kg8 59. gxh4
Qe2 60. Qf5 1-0

[Event "XLI C.to Italiano a squadre Master"]
[Site "Senigallia ITA"]
[Date "2009.04.30"]
[Round "2"]
[White "Mautone, Valerio"]
[Black "Franchini, Gabriele"]
[Result "1/2-1/2"]
[WhiteElo "2157"]
[BlackElo "2212"]
[PlyCount "54"]
[EventDate "2009.04.30"]

1. e4 e6 2. d3 b5 3. Nf3 c5 4. g3 Bb7 5. Bg2 d6 6. O-O Be7 7. Nbd2 Nf6 8. Re1
O-O 9. c3 Nc6 10. d4 cxd4 11. cxd4 Rc8 12. Qb3 Qb6 13. a3 Rfe8 14. Qd3 Nd7 15.
Nb3 Na5 16. Nxa5 Qxa5 17. Bg5 Bxg5 18. Nxg5 Nf8 19. b4 Qb6 20. Rac1 h6 21. Nf3
a6 22. Qe3 Re7 23. Rxc8 Bxc8 24. Rc1 Rc7 25. Rxc7 Qxc7 26. Ne1 Nd7 27. Bf1 Nb6
1/2-1/2

[Event "XLI C.to Italiano a squadre Master"]
[Site "Senigallia ITA"]
[Date "2009.04.30"]
[Round "2"]
[White "Ortega, Lexy"]
[Black "Brunello, Sabino"]
[Result "0-1"]
[WhiteElo "2442"]
[BlackElo "2477"]
[PlyCount "184"]
[EventDate "2009.04.30"]

1. d4 Nf6 2. Nf3 e6 3. Bf4 c5 4. e3 Nc6 5. Nbd2 d5 6. c3 Bd6 7. Bg3 Bxg3 8.
hxg3 Qd6 9. Bb5 Bd7 10. Qe2 O-O-O 11. Bxc6 Bxc6 12. Ne5 Be8 13. Qd3 h6 14.
O-O-O Ng8 15. Nef3 Ne7 16. dxc5 Qxc5 17. Qd4 Qxd4 18. cxd4 f6 19. b3 Kd7 20.
Kb2 Bg6 21. Rc1 Nc6 22. a3 a5 23. Rc3 Na7 24. Rhc1 Rc8 25. Ne1 Rxc3 26. Rxc3 b6
27. Ndf3 Nb5 28. Rc1 h5 29. Nd2 Nd6 30. Nef3 Bf5 31. Ng1 Bd3 32. Rc3 Ba6 33.
Ngf3 g5 34. Rc1 Be2 35. Rh1 Bxf3 36. Nxf3 Ne4 37. Rf1 h4 38. gxh4 g4 39. Ne1
Rxh4 40. a4 Rh2 41. Kc2 Kd6 42. Kd3 Rh1 43. Rxh1 Nxf2+ 44. Kc3 Nxh1 45. b4 Nf2
46. bxa5 bxa5 47. Kd2 Kc6 48. Nc2 Ne4+ 49. Kd3 Nd6 50. Na1 Nc4 51. Nb3 Nb2+ 52.
Kc2 Nxa4 53. Nxa5+ Kd7 54. Kd3 Nb2+ 55. Kc2 Na4 56. Kd3 Kd6 57. Nb7+ Kc7 58.
Na5 Nb2+ 59. Kc2 Na4 60. Kd3 Kd7 61. Nb3 Kd6 62. Na5 Nb2+ 63. Ke2 Nc4 64. Nb7+
Ke7 65. Nc5 Nd6 66. Nd3 Ne4 67. Nf4 Kd6 68. Nd3 Ng3+ 69. Kf2 Nf5 70. Ke2 e5 71.
dxe5+ fxe5 72. Nf2 g3 73. Nd3 Nh4 74. Ne1 e4 75. Kd2 Kc5 76. Kc3 Nf5 77. Kd2
Kc4 78. Nc2 Kb3 79. Ne1 Nh4 80. Nc2 Nf5 81. Ne1 Kb4 82. Nc2+ Kc5 83. Na1 Kc4
84. Nc2 Kb3 85. Ne1 Nd6 86. Nc2 Nc4+ 87. Kc1 Kc3 88. Nd4 Nxe3 89. Ne2+ Kc4 90.
Nxg3 Nxg2 91. Kd2 Kd4 92. Ne2+ Ke5 0-1

[Event "XLI C.to Italiano a squadre Master"]
[Site "Senigallia ITA"]
[Date "2009.04.30"]
[Round "2"]
[White "Palac, Mladen"]
[Black "Ninov, Nikolai Ivanov"]
[Result "1-0"]
[WhiteElo "2571"]
[BlackElo "2528"]
[PlyCount "55"]
[EventDate "2009.04.30"]

1. e4 c5 2. Nf3 d6 3. Nc3 Nf6 4. d4 cxd4 5. Nxd4 a6 6. Be2 e6 7. a4 Nc6 8. Be3
Be7 9. f4 O-O 10. O-O Qc7 11. Kh1 Rb8 12. Qe1 Nd7 13. Rd1 Rd8 14. Qg3 Bf6 15.
e5 dxe5 16. Nxc6 bxc6 17. Ne4 Be7 18. fxe5 Rb4 19. Bg5 Bxg5 20. Nxg5 Rf8 21.
Qh3 h6 22. Nxe6 fxe6 23. Qxe6+ Kh8 24. Qe7 Rbf4 25. Rxf4 Rxf4 26. e6 Re4 27.
Qe8+ Kh7 28. exd7 1-0

[Event "XLI C.to Italiano a squadre Master"]
[Site "Senigallia ITA"]
[Date "2009.04.30"]
[Round "2"]
[White "Ramondino, Renzo"]
[Black "Piscopo, Pierluigi"]
[Result "0-1"]
[WhiteElo "2259"]
[BlackElo "2405"]
[PlyCount "52"]
[EventDate "2009.04.30"]

1. Nf3 d6 2. d4 Bg4 3. c4 Nd7 4. Nc3 g6 5. e4 Bg7 6. Be3 e6 7. Be2 Ne7 8. O-O
O-O 9. Qb3 Qc8 10. Rfd1 a6 11. Rac1 c5 12. Na4 Bxf3 13. Bxf3 cxd4 14. Bxd4 Bxd4
15. Rxd4 b5 16. Nc3 Qc5 17. Qd1 bxc4 18. Na4 Qa5 19. Rxd6 Ne5 20. Nb6 Nc8 21.
Nxc8 Raxc8 22. a3 Rfd8 23. Rc3 Rxd6 24. Qxd6 Rd8 25. Qe7 Rd3 26. b4 Rxc3 0-1

[Event "XLI C.to Italiano a squadre Master"]
[Site "Senigallia ITA"]
[Date "2009.04.30"]
[Round "2"]
[White "Rombaldoni, Andrea"]
[Black "Bonafede, Alessandro"]
[Result "0-1"]
[WhiteElo "2253"]
[BlackElo "2289"]
[PlyCount "90"]
[EventDate "2009.04.30"]

1. e4 c5 2. Nf3 Nc6 3. d4 cxd4 4. Nxd4 Nf6 5. Nc3 e5 6. Ndb5 d6 7. Nd5 Nxd5 8.
exd5 Nb8 9. c4 a6 10. Nc3 Be7 11. Be2 O-O 12. O-O f5 13. f3 Bg5 14. Rb1 Nd7 15.
b4 Bxc1 16. Qxc1 Rf6 17. Qe3 b6 18. Rfd1 a5 19. a3 Rh6 20. Qf2 Ba6 21. Bf1 Rc8
22. bxa5 bxa5 23. Nb5 Bxb5 24. cxb5 Rc5 25. b6 Nxb6 26. Rdc1 Nd7 27. Rxc5 Nxc5
28. Rb5 Rf6 29. Qd2 a4 30. Rb4 Rf8 31. Bb5 Qc7 32. Qc2 e4 33. f4 Qa7 34. Kf1
Rb8 35. g3 h6 36. Kg2 Kh7 37. h3 Nd3 38. Bxd3 Rxb4 39. axb4 exd3 40. Qxd3 a3
41. Qxf5+ g6 42. Qb1 Qd4 43. Kf3 Qc3+ 44. Kg4 Qb2 45. Qe1 a2 0-1

[Event "XLI C.to Italiano a squadre Master"]
[Site "Senigallia ITA"]
[Date "2009.04.30"]
[Round "2"]
[White "Ronchetti, Niccolo'"]
[Black "Macieja, Bartlomiej"]
[Result "1/2-1/2"]
[WhiteElo "2420"]
[BlackElo "2601"]
[PlyCount "32"]
[EventDate "2009.04.30"]

1. e4 c5 2. Nf3 g6 3. c3 Bg7 4. d4 cxd4 5. cxd4 d5 6. exd5 Nf6 7. Bb5+ Nbd7 8.
Nc3 O-O 9. d6 exd6 10. O-O a6 11. Bd3 Re8 12. a4 Nb6 13. a5 Nbd5 14. Qb3 Nxc3
15. bxc3 Qc7 16. Bf4 Bg4 1/2-1/2

[Event "XLI C.to Italiano a squadre Master"]
[Site "Senigallia ITA"]
[Date "2009.04.30"]
[Round "2"]
[White "Salvador, Roland"]
[Black "Olszewski, Michal"]
[Result "0-1"]
[WhiteElo "2445"]
[BlackElo "2538"]
[PlyCount "66"]
[EventDate "2009.04.30"]

1. d4 Nf6 2. Nf3 e6 3. c4 c5 4. d5 exd5 5. cxd5 Bd6 6. Nc3 Bc7 7. g3 d6 8. h3
O-O 9. Bg2 Nbd7 10. O-O Re8 11. Qc2 a6 12. a4 Rb8 13. Rd1 Nf8 14. Bg5 h6 15.
Be3 Ng6 16. Rac1 Bd7 17. Nd2 Ne7 18. Nf3 Bf5 19. Qd2 Ba5 20. Nh4 Bh7 21. f4
Nexd5 22. Bf2 Nxc3 23. bxc3 Be4 24. Nf3 Bc6 25. Qxd6 Qxd6 26. Rxd6 Rxe2 27.
Rxc6 bxc6 28. Ne5 Rbb2 29. Nd3 Rbc2 30. Rxc2 Rxc2 31. Nxc5 Bb6 32. a5 Bxa5 33.
Nxa6 Rc1+ 0-1

[Event "XLI C.to Italiano a squadre Master"]
[Site "Senigallia ITA"]
[Date "2009.04.30"]
[Round "2"]
[White "Shytaj, Luca"]
[Black "Mazzilli, Piero"]
[Result "0-1"]
[WhiteElo "2447"]
[BlackElo "2326"]
[PlyCount "166"]
[EventDate "2009.04.30"]

1. e4 e6 2. Qe2 c5 3. Nf3 Nc6 4. g3 g6 5. Bg2 Bg7 6. d3 Nge7 7. O-O d5 8. c3
O-O 9. e5 d4 10. c4 Qc7 11. Bf4 b6 12. Nbd2 Bb7 13. Ne4 Kh8 14. Nd6 h6 15. h4
Rab8 16. Rfe1 Ba8 17. Rac1 Nf5 18. Qd2 Nxd6 19. exd6 Qd7 20. Bxh6 Qxd6 21. h5
e5 22. Nh4 Ne7 23. Bxa8 Rxa8 24. Bxg7+ Kxg7 25. Qg5 f6 26. Qxg6+ Nxg6 27. Nf5+
Kg8 28. Nxd6 Ne7 29. f4 Nc6 30. a3 Rad8 31. Ne4 f5 32. Ng5 Rde8 33. h6 Re7 34.
Kf2 Rfe8 35. Kf3 e4+ 36. dxe4 d3 37. Ke3 fxe4 38. h7+ Kh8 39. Rh1 Nd4 40. g4
Rd7 41. Rcd1 Nc2+ 42. Kd2 e3+ 43. Kc3 e2 44. Rxd3 Rxd3+ 45. Kxc2 Rd7 46. Re1
Rd4 47. Nf7+ Kxh7 48. Ne5 Rxf4 49. Rxe2 Rxc4+ 50. Kb3 Rf4 51. Rh2+ Kg7 52. Nc6
a5 53. Rd2 a4+ 54. Kc2 Rc4+ 55. Kd1 Rxg4 56. Na7 Rd4 57. Nb5 Rxd2+ 58. Kxd2 Kf6
59. Nc3 Rd8+ 60. Kc2 Rd4 61. Nb5 Rh4 62. Kc3 Ke5 63. Kd3 Kd5 64. Kc3 Rh3+ 65.
Kc2 Kc6 66. Na7+ Kb7 67. Nb5 Ka6 68. Nc7+ Ka5 69. Ne6 Re3 70. Nf4 b5 71. Nd5
Rh3 72. Ne7 Rh2+ 73. Kc1 Kb6 74. Nd5+ Kc6 75. Nc3 Kb6 76. Nd5+ Ka5 77. Ne7 b4
78. axb4+ Kxb4 79. Nc6+ Kb3 80. Na5+ Ka2 81. Nc4 Rh4 82. Nb6 Rb4 83. Nd5 Rc4+
0-1

[Event "XLI C.to Italiano a squadre Master"]
[Site "Senigallia ITA"]
[Date "2009.04.30"]
[Round "2"]
[White "Stromboli, Carlo"]
[Black "Vezzosi, Paolo"]
[Result "0-1"]
[WhiteElo "2283"]
[BlackElo "2363"]
[PlyCount "136"]
[EventDate "2009.04.30"]

1. e4 e6 2. d4 d5 3. Nc3 Bb4 4. e5 b6 5. Bd2 Qd7 6. f4 Nh6 7. Nf3 Nc6 8. Ne2
Ba6 9. Bxb4 Nxb4 10. Ng3 Bxf1 11. Nxf1 c5 12. c3 Nc6 13. Ne3 O-O 14. O-O Rac8
15. Qd2 Rc7 16. Rac1 Ne7 17. b3 Rfc8 18. g4 Kh8 19. Nh4 cxd4 20. cxd4 Rc6 21.
Rce1 Qd8 22. Nhg2 Qd7 23. Rc1 Kg8 24. Rxc6 Qxc6 25. f5 Qc3 26. Qxc3 Rxc3 27. f6
Nc6 28. g5 Nf5 29. Nxf5 exf5 30. Rd1 h6 31. Nf4 hxg5 32. Nxd5 Rc2 33. Ne7+ Kh7
34. Nxf5 gxf6 35. exf6 Kg6 36. Rf1 Rd2 37. Rc1 Nxd4 38. Nxd4 Rxd4 39. Rc2 Kxf6
40. Kg2 Kg6 41. Kf3 Rb4 42. Rc7 a5 43. Kg3 f6 44. Rc6 Kf5 45. Rd6 Ke5 46. Rc6
Kf5 47. Rd6 Rb5 48. Kf3 Ke5 49. Rc6 f5 50. Rg6 g4+ 51. Kg3 Rb4 52. Rc6 Rd4 53.
Rc2 b5 54. Re2+ Re4 55. Rc2 Re3+ 56. Kf2 Rf3+ 57. Kg2 Kd4 58. Rc7 Rc3 59. Rd7+
Ke4 60. Rd2 a4 61. bxa4 bxa4 62. Re2+ Kf4 63. Rb2 a3 64. Rf2+ Kg5 65. Rd2 Rc1
66. Kg3 Rg1+ 67. Rg2 f4+ 68. Kf2 Ra1 0-1

[Event "XLI C.to Italiano a squadre Master"]
[Site "Senigallia ITA"]
[Date "2009.04.30"]
[Round "2"]
[White "Tomba, Ivan"]
[Black "Mogranzini, Roberto"]
[Result "1-0"]
[WhiteElo "2301"]
[BlackElo "2422"]
[PlyCount "53"]
[EventDate "2009.04.30"]

1. e4 c5 2. Nf3 e6 3. d4 cxd4 4. Nxd4 a6 5. Bd3 Bc5 6. Nb3 Be7 7. O-O d6 8. Nc3
Nf6 9. f4 Nc6 10. Qf3 Qc7 11. Be3 O-O 12. Qh3 b5 13. Rf3 g6 14. g4 Re8 15. Raf1
b4 16. Ne2 a5 17. g5 Nd7 18. Qh4 a4 19. Rh3 Nf8 20. Nd2 d5 21. f5 exf5 22. exf5
Ne5 23. Nf4 Nxd3 24. Nxd5 Qd6 25. Qh6 gxf5 26. Nf6+ Kh8 27. Qxh7+ 1-0

[Event "XLI C.to Italiano a squadre Master"]
[Site "Senigallia ITA"]
[Date "2009.04.30"]
[Round "2"]
[White "Zimina, Olga"]
[Black "Stromboli, Ettore"]
[Result "1-0"]
[WhiteElo "2330"]
[BlackElo "2301"]
[PlyCount "77"]
[EventDate "2009.04.30"]

1. e4 e6 2. d4 d5 3. Nd2 c5 4. exd5 exd5 5. Ngf3 Nc6 6. Bb5 Bd6 7. dxc5 Bxc5 8.
O-O Nge7 9. Nb3 Bd6 10. c3 O-O 11. Bg5 Bg4 12. Be2 Re8 13. Re1 h6 14. Bh4 Qb6
15. Nfd4 Bxe2 16. Rxe2 Nxd4 17. Nxd4 Ng6 18. Bg3 Bxg3 19. hxg3 Re4 20. Qb3 Qa6
21. Rxe4 dxe4 22. Re1 Re8 23. Qb5 Qxb5 24. Nxb5 a6 25. Nd6 Re6 26. Nxb7 Rb6 27.
Nc5 Rxb2 28. a4 Rc2 29. Rxe4 Rxc3 30. Nxa6 f6 31. Nb4 Ne5 32. a5 Ra3 33. a6 h5
34. f3 Kf7 35. Re2 Ra1+ 36. Kf2 Nd7 37. Ra2 Rb1 38. Nd5 Rb8 39. a7 1-0

[Event "XLI C.to Italiano a squadre Master"]
[Site "Senigallia ITA"]
[Date "2009.05.01"]
[Round "3"]
[White "Amato, Andrea"]
[Black "Ragonesi, Marcello"]
[Result "0-1"]
[WhiteElo "2261"]
[BlackElo "2151"]
[PlyCount "72"]
[EventDate "2009.04.30"]

1. Nf3 c5 2. c4 g6 3. g3 Bg7 4. Bg2 Nc6 5. O-O e5 6. Nc3 Nge7 7. d3 d6 8. a3
O-O 9. Rb1 a5 10. Nd5 Rb8 11. Bd2 Bd7 12. Qe1 b6 13. b4 axb4 14. axb4 Nxd5 15.
cxd5 Ne7 16. Ng5 Qc7 17. bxc5 dxc5 18. Qc1 Nf5 19. Ne4 Nd6 20. Bc3 Nxe4 21.
Bxe4 Bh3 22. Rd1 Qd6 23. Ra1 Ra8 24. Qb2 Bd7 25. Rxa8 Rxa8 26. Ra1 Rxa1+ 27.
Qxa1 b5 28. Qa8+ Qf8 29. Qb7 Qc8 30. Qa7 b4 31. Bd2 Bf8 32. Qb6 c4 33. dxc4
Qxc4 34. Bd3 Qxd5 35. Qb8 Bh3 36. f3 Qd4+ 0-1

[Event "XLI C.to Italiano a squadre Master"]
[Site "Senigallia ITA"]
[Date "2009.05.01"]
[Round "3"]
[White "Arlandi, Ennio"]
[Black "Mauro, Alan"]
[Result "1/2-1/2"]
[WhiteElo "2425"]
[BlackElo "2189"]
[PlyCount "106"]
[EventDate "2009.04.30"]

1. d4 g6 2. c4 Bg7 3. e4 d6 4. Nc3 Nc6 5. d5 Nd4 6. Be3 c5 7. dxc6 Nxc6 8. Nge2
Nf6 9. f3 O-O 10. Qd2 a6 11. Nf4 e5 12. Nd3 Be6 13. b3 Nd4 14. Be2 b5 15. cxb5
axb5 16. O-O Qa5 17. Rfc1 Rfc8 18. Bd1 Qb6 19. Kh1 Nh5 20. Ne2 Qb7 21. Nb4 Nxe2
22. Bxe2 Nf4 23. Bf1 d5 24. exd5 Nxd5 25. Nxd5 Bxd5 26. Rxc8+ Rxc8 27. Rd1 Bc6
28. Rc1 Re8 29. Qc3 Bd5 30. Qc5 b4 31. Bd2 Bf8 32. Qe3 h5 33. Qe1 e4 34. fxe4
Rxe4 35. Qf2 Re5 36. Qg3 Rf5 37. Bf4 Qa8 38. Rc2 Bd6 39. Rf2 Rxf4 40. Rxf4 Qb8
41. Qd3 Bxg2+ 42. Bxg2 Bxf4 43. Bd5 Kg7 44. h3 Qe5 45. Bc4 Qe3 46. Qxe3 Bxe3
47. Kg2 g5 48. Kf3 Bc5 49. Bd3 Kf6 50. Ke4 Be7 51. Ba6 Bd8 52. Bc8 Bc7 53. Bd7
Bd6 1/2-1/2

[Event "XLI C.to Italiano a squadre Master"]
[Site "Senigallia ITA"]
[Date "2009.05.01"]
[Round "3"]
[White "Cocchi, Andrea"]
[Black "Borgo, Giulio"]
[Result "0-1"]
[WhiteElo "2294"]
[BlackElo "2440"]
[PlyCount "143"]
[EventDate "2009.04.30"]

1. Nf3 d5 2. e3 Nf6 3. c4 e6 4. d4 Be7 5. Bd3 dxc4 6. Bxc4 a6 7. a4 c5 8. O-O
Nc6 9. Nc3 cxd4 10. exd4 Nb4 11. Qe2 O-O 12. Bg5 Bd7 13. Ne5 Bc6 14. Nxc6 bxc6
15. Rfd1 a5 16. Rac1 Nfd5 17. Bxe7 Qxe7 18. Ne4 Rfd8 19. Nc5 Rab8 20. Rd2 h6
21. g3 Qf6 22. Nb3 Ra8 23. Bd3 Rdb8 24. Rc5 Qd8 25. Rc1 Na2 26. Ra1 Rxb3 27.
Rxa2 Rb4 28. Bc4 Rab8 29. Ra1 Qd6 30. b3 Nb6 31. Qd3 Rd8 32. Rc1 g6 33. Qf3 Kg7
34. h4 h5 35. Kg2 Rb8 36. Be2 Nd5 37. Bc4 Ne7 38. Qe4 Rd8 39. Rcd1 Nd5 40. Rc1
Nf6 41. Qf3 Nd5 42. Re2 Rb7 43. Re5 Ra7 44. Bxd5 cxd5 45. Rc5 Rb8 46. Re3 Rb4
47. Rec3 Rxd4 48. Rc6 Qe5 49. Re3 Re4 50. Rxe4 Qxe4 51. Qxe4 dxe4 52. Kf1 Rb7
53. Ke2 Rxb3 54. Rc5 Kf6 55. Rxa5 Ra3 56. Ra7 e5 57. Ra6+ Kf5 58. Ra7 f6 59.
Ra6 Ra1 60. Ke3 Ra2 61. Ra8 Ra3+ 62. Ke2 Kg4 63. Ra6 Rf3 64. Rb6 Kh3 65. a5 Kg2
66. a6 Rxf2+ 67. Ke3 f5 68. a7 Rf3+ 69. Ke2 Ra3 70. Rxg6 Rxa7 71. Rf6 Ra2+ 72.
Ke3 0-1

[Event "XLI C.to Italiano a squadre Master"]
[Site "Senigallia ITA"]
[Date "2009.05.01"]
[Round "3"]
[White "D'Amore, Carlo"]
[Black "Ferro, Mario"]
[Result "1-0"]
[WhiteElo "2483"]
[BlackElo "2224"]
[PlyCount "93"]
[EventDate "2009.04.30"]

1. Nf3 g6 2. d4 Bg7 3. g3 d5 4. Bg2 Nf6 5. O-O c6 6. b3 b6 7. Bb2 Ba6 8. Nbd2
Nbd7 9. c4 O-O 10. Re1 Rc8 11. e4 dxe4 12. Nxe4 Nxe4 13. Rxe4 c5 14. Re2 b5 15.
dxc5 Bxb2 16. Rxb2 Nxc5 17. Rd2 Qa5 18. cxb5 Bxb5 19. Qe1 Nd3 20. Rxd3 Qxe1+
21. Nxe1 Bxd3 22. Nxd3 Rfd8 23. Ne5 Rc2 24. Nc4 f5 25. Bf3 Kg7 26. Kf1 Kf6 27.
a4 Rc3 28. Bd1 e5 29. Ke1 h5 30. Ra2 h4 31. Rd2 hxg3 32. hxg3 Rcd3 33. Rxd3
Rxd3 34. Ke2 Rd4 35. Bc2 g5 36. Ne3 e4 37. Nc4 Ke6 38. g4 f4 39. Nd2 Ke5 40.
Nxe4 Rxe4+ 41. Bxe4 Kxe4 42. a5 Kd4 43. Kd2 a6 44. f3 Kc5 45. Kc3 Kd5 46. b4
Kc6 47. Kc4 1-0

[Event "XLI C.to Italiano a squadre Master"]
[Site "Senigallia ITA"]
[Date "2009.05.01"]
[Round "3"]
[White "Efimov, Igor"]
[Black "Shytaj, Luca"]
[Result "0-1"]
[WhiteElo "2439"]
[BlackElo "2447"]
[PlyCount "52"]
[EventDate "2009.04.30"]

1. d4 Nf6 2. c4 c5 3. d5 b5 4. cxb5 a6 5. Nc3 axb5 6. e4 b4 7. Nb5 d6 8. Nf3
Nxe4 9. Bc4 g6 10. Qe2 f5 11. h4 Bg7 12. h5 Nd7 13. hxg6 hxg6 14. Rxh8+ Bxh8
15. Nh4 Ne5 16. f3 Bf6 17. Nxg6 Ng3 18. Nxe5 Nxe2 19. Nc6 Qb6 20. Kxe2 Bd7 21.
Bf4 Bxc6 22. dxc6 Qxc6 23. Rd1 Bd4 24. Nxd4 cxd4 25. Be6 d5 26. Bxf5 Qf6 0-1

[Event "XLI C.to Italiano a squadre Master"]
[Site "Senigallia ITA"]
[Date "2009.05.01"]
[Round "3"]
[White "Franchini, Gabriele"]
[Black "Tassi, Oliviero"]
[Result "0-1"]
[WhiteElo "2212"]
[BlackElo "2300"]
[PlyCount "54"]
[EventDate "2009.04.30"]

1. d4 Nf6 2. c4 e6 3. Nc3 b6 4. e4 Bb4 5. e5 Ne4 6. Qc2 Bb7 7. Nf3 f5 8. Bd3 h6
9. O-O Ng5 10. Nxg5 hxg5 11. a3 Bxc3 12. bxc3 g4 13. g3 Bf3 14. Be2 g5 15. Qd2
Bxe2 16. Qxe2 Qe7 17. f3 gxf3 18. Qxf3 Nc6 19. Qe3 Qh7 20. Rf2 Rg8 21. Kh1
O-O-O 22. d5 exd5 23. cxd5 f4 24. gxf4 gxf4 25. Qxf4 Nxe5 26. Rf1 Qd3 27. Be3
Qxd5+ 0-1

[Event "XLI C.to Italiano a squadre Master"]
[Site "Senigallia ITA"]
[Date "2009.05.01"]
[Round "3"]
[White "Lucaroni, Massimiliano"]
[Black "Iotti, Pierluigi"]
[Result "1/2-1/2"]
[WhiteElo "2279"]
[BlackElo "2300"]
[PlyCount "84"]
[EventDate "2009.04.30"]

1. e4 e6 2. Nf3 d5 3. e5 c5 4. b4 cxb4 5. d4 Ne7 6. a3 Nec6 7. axb4 Bxb4+ 8. c3
Be7 9. Bd3 b6 10. Na3 Bb7 11. h4 h6 12. h5 a6 13. Nc2 b5 14. Ba3 Nd7 15. Bxe7
Qxe7 16. O-O Nb6 17. Nce1 Na4 18. Qd2 Na5 19. Bc2 Nc4 20. Qd3 Ncb6 21. Nd2 Rc8
22. Nb1 Rc6 23. f4 Bc8 24. Qg3 Kf8 25. Ra3 Nc4 26. Ra1 Ncb6 27. Ra3 Nb2 28. Ra2
N6c4 29. Nd3 Nxd3 30. Bxd3 Nb6 31. f5 Qg5 32. Qxg5 hxg5 33. g4 Na4 34. Raf2
Nxc3 35. Rc2 b4 36. Nxc3 bxc3 37. Rfc1 exf5 38. Rxc3 Rxc3 39. Rxc3 Ke7 40. gxf5
Kd8 41. Rc5 Bb7 42. Be2 Kd7 1/2-1/2

[Event "XLI C.to Italiano a squadre Master"]
[Site "Senigallia ITA"]
[Date "2009.05.01"]
[Round "3"]
[White "Macieja, Bartlomiej"]
[Black "Bentivegna, Francesco"]
[Result "1-0"]
[WhiteElo "2601"]
[BlackElo "2326"]
[PlyCount "76"]
[EventDate "2009.04.30"]

1. e4 e6 2. d4 d5 3. Nc3 Bb4 4. e5 c5 5. a3 Bxc3+ 6. bxc3 Nc6 7. h4 Qa5 8. Bd2
cxd4 9. cxd4 Qa4 10. Bc3 b6 11. Qd3 Nge7 12. Ra2 a5 13. Qb5 Qxb5 14. Bxb5 Ba6
15. Rb2 Kd7 16. Nf3 Bxb5 17. Rxb5 Ra6 18. Kd2 f6 19. h5 fxe5 20. dxe5 Na7 21.
Rb2 Nec6 22. Rh4 b5 23. Rg4 Rg8 24. h6 g6 25. Rf4 Ke7 26. Ng5 b4 27. axb4 d4
28. Bxd4 Rd8 29. Ke3 Nxd4 30. Rxd4 Rxd4 31. Kxd4 Nc6+ 32. Kc5 Nxb4 33. Nxh7
Rc6+ 34. Kb5 Rc8 35. Ng5 Nxc2 36. h7 Nb4 37. Ka4 Rh8 38. f4 Kd7 1-0

[Event "XLI C.to Italiano a squadre Master"]
[Site "Senigallia ITA"]
[Date "2009.05.01"]
[Round "3"]
[White "Manca, Federico"]
[Black "Calavalle, Giulio"]
[Result "1/2-1/2"]
[WhiteElo "2373"]
[BlackElo "2235"]
[PlyCount "86"]
[EventDate "2009.04.30"]

1. e4 c5 2. Nf3 Nc6 3. c3 d6 4. d4 cxd4 5. cxd4 g6 6. h3 Bg7 7. Nc3 Nf6 8. Bd3
O-O 9. O-O a6 10. Be3 b5 11. Rc1 Bb7 12. d5 Nb8 13. b4 Nbd7 14. a4 a5 15. Nxb5
axb4 16. Nfd4 Nc5 17. Nc6 Bxc6 18. dxc6 Nfxe4 19. Bxe4 Nxe4 20. c7 Qd7 21. Bd4
Bxd4 22. Qxd4 Nc3 23. Rfe1 Rfc8 24. Qxb4 Nxb5 25. axb5 Rxc7 26. Rxc7 Qxc7 27.
b6 Qb7 28. Rc1 Ra6 29. Rb1 Ra8 30. Qb5 Kg7 31. Rc1 Qe4 32. b7 Rb8 33. Rb1 Qe5
34. Qb4 d5 35. Qc5 Qd6 36. Qc8 d4 37. Rc1 d3 38. Rd1 d2 39. g3 Qe5 40. Kh2 Qd6
41. Kg1 Qe5 42. Kh2 Qd6 43. Kg1 Qe5 1/2-1/2